L'illusionniste The illusionist = Ο θαυματοποιός

"Ίσως στο Παρίσι του μεσοπολέμου η τέχνη του θαυματοποιού να μάγευε, οι εποχές αλλάζουν και μόνο οι ροκ σταρ κλέβουν πια την παράσταση. Έτσι ο άθρωπος μας που εργάζεται ως θαυμαμοποιός ξεπέφτει να ασκεί την τέχνη του σε μπαρ, καφετέριες και πάρκα. Η τύχη του όμως αλλάζει όταν σε ένα χωριό της Σ...

Πλήρης περιγραφή

Αποθηκεύτηκε σε:
Λεπτομέρειες βιβλιογραφικής εγγραφής
Άλλοι συγγραφείς: Chomet, Sylvain 1963- (Διευθυντής)
Μορφή: Διαφάνειες
Γλώσσα:French
Greek
Δημοσίευση: [S.l.] : Audio Visual Enterprises, c2011
Θέματα:
Ετικέτες: Προσθήκη ετικέτας
Δεν υπάρχουν, Καταχωρήστε ετικέτα πρώτοι!

MARC

LEADER 00000 gm a2200000 i 4500
001 1/33640
008 130801s2011 fre d
035 |l 10115129 
040 |a GR-MY-UA  |b gre  |e aacr 
041 0 |a fre  |j gre 
082 0 |a 791.4334  |2 (22) 
245 1 0 |a L'illusionniste  |h [μαγνητοσκόπηση] =  |b The illusionist = Ο θαυματοποιός /  |c σκηνοθεσία Σιλβέν Σομέ 
246 2 1 |a The illusionist [μαγνητοσκόπηση] 
246 2 1 |a Ο θαυματοποιός [μαγνητοσκόπηση] 
260 |a [S.l.] :   |b Audio Visual Enterprises,   |c c2011 
300 |a 1 βιντεοδίσκος (90 λεπτ.);  |b ομίλ., έγχρ.;  |c 4 3/4 ίν. 
500 |a Κυκλοφόρησε πρώτη φορά ως κινηματογραφική ταινία το 2010 
500 |a Στα γαλλικά με ελληνικούς υπότιτλους 
500 |a Υποψηφιότητα για βραβείο Oscar 2011 καλύτερης ταινίας κινουμένων σχεδίων 
508 |a Σενάριο, Jacques Tati ; μουσική, Sylvain Chomet ; παραγωγή, Bob Last, Sally Chomet 
511 |a Με τις φωνές των: Jean-Claude Donda, Eilidh Rankin 
520 |a "Ίσως στο Παρίσι του μεσοπολέμου η τέχνη του θαυματοποιού να μάγευε, οι εποχές αλλάζουν και μόνο οι ροκ σταρ κλέβουν πια την παράσταση. Έτσι ο άθρωπος μας που εργάζεται ως θαυμαμοποιός ξεπέφτει να ασκεί την τέχνη του σε μπαρ, καφετέριες και πάρκα. Η τύχη του όμως αλλάζει όταν σε ένα χωριό της Σκοτίας, συναντά ένα αθώο κορίτσι, την Αλίκη, που πιστεύει πως τα κόλπα του είναι αληθινά. Μαζί της πηγαίνει στο Εδιμβούργο όπου εκείνη κρατά το σπίτι και εκείνος εργάζεται σε ένα μικρό θέατρο. Γοητευμένος από τον ενθουσιασμό της την ανταμείβει με όλο και περισσότερα δώρα. Δεν μπορεί όμως να της χαλάσει το όνειρο και να της αποκαλύψει ότι η μαγεία του δεν υπάρχει". - Περίληψη από τη θήκη 
650 0 0 |a Animated films. 
700 1 |a Chomet, Sylvain  |d 1963-  |4 drt 
852 |a INST  |b SYROS  |c AV  |e 20130801  |h 791.4334 CHO  |p 005500010965  |q 005500010965  |t DVD  |y 23 
901 |a BIBL5-2008-1 
909 |a Ε  |b 174438 
922 |a 5ΕΛΗ  |b 201211  |c ΒΙΒΛΙΟΘΗΚΗ ΣΥΡΟΥ  |d ΚΙΣΚΑΚΗ ΜΑΡΙΑ 
970 |a ΚΟΝΤΟΥ  |b ΠΑΡΑΣΚΕΥΗ  |z 2013/08/01